Englische Geschäftsbriefe

Salvato in:
Dettagli Bibliografici
Autore principale: Wichmann, Günter
Natura: Libro
Lingua:tedesco
Pubblicazione: Berlin Verlag die Wirtschaft 1961
Edizione:3. Aufl.
Soggetti:
Tags: Aggiungi Tag
Nessun Tag, puoi essere il primo ad aggiungerne!!

MARC

LEADER 00000nam a2200000 4500
001 c122923
005 20041019155226.8
041 0 |a ger 
044 |a DE 
245 1 0 |a Englische Geschäftsbriefe  |c Günter Wichmann 
250 |a 3. Aufl. 
264 1 |a Berlin  |b Verlag die Wirtschaft  |c 1961 
300 |a 198 s. 
610 2 0 |a jazykoveda 
610 2 0 |a jazyky cudzie 
610 2 0 |a angličtina 
100 1 |a Wichmann, Günter